000 00317nam a22001457a 4500
008 210519b ||||| |||| 00| 0 eng d
020 _a9780314024787
041 _aeng
080 _25th
_a159.9
082 _a159.9
100 _a48
101 _aPSI
245 _aPsychology
_cJohn P. Dworetzky
942 _2udc
_cBK
999 _c57521
_d57521